| 000 | 00636nam a22001217a 4500 | ||
|---|---|---|---|
| 040 | _cRUA | ||
| 082 | _aVEM DOU 2025 B705 Or.1 | ||
| 100 | _aDOUNG NHEMPHEARUN, ដួង ញែមភារុណ | ||
| 245 | _aCase Of Salmonella Spp. On Pork At Market In Sangkat Steung MeanChey, Khan MeanChey, Phnom Penh.ករណី Salmonella Spp. លើសាច់ជ្រូកនៅផ្សារ ក្នុងសង្កាត់ស្ទឹងមានជ័យ ខណ្ឌមានជ័យ រាជធានីភ្នំពេញ | ||
| 260 |
_aPHNOM PENH _bRUA _c2025 |
||
| 300 |
_ax,42p. _bill. _c29cm. |
||
| 942 | _cសារណាបទ | ||
| 999 |
_c25568 _d25568 |
||